| 000 | 00817cam a2200253 a 4500 | ||
|---|---|---|---|
| 001 | 000019685 | ||
| 005 | 20200929170113.0 | ||
| 008 | 810304s1959 ag 001 f spa d | ||
| 040 |
_aDO-SdBNP _bspa _cDLC _dBNPHU |
||
| 082 |
_a864.6 _bA996an, 1959 |
||
| 100 | 1 |
_aAzorín, _d1873-1967. _95278 |
|
| 245 | 1 | 0 |
_aAndando y pensando : _bnotas de un transeúnte. 1929 / _cAzorín. |
| 250 | _a2a ed. | ||
| 260 |
_aBuenos Aires, Argentina : _bEspasa -Calpe, _c1959. |
||
| 300 |
_a147 p. ; _c18 cm. |
||
| 490 | 1 |
_aAustral. Verde: ensayos y filosofía _v1257 |
|
| 500 | _aIncluye índice de autores | ||
| 650 | 4 |
_aEnsayos españoles _93095 |
|
| 650 | 4 |
_aLiteratura española _9632 |
|
| 830 | 0 |
_aAustral. _pVerde: ensayos y filosofía; _v1257 _98733 |
|
| 910 | _aCatalogación derivada / LC | ||
| 910 | _aWM | ||
| 049 | _aBNGR | ||
| 999 |
_c19200 _d19200 |
||